| 000 | 00728nam a2200241 a 4500 | ||
|---|---|---|---|
| 999 |
_c3609 _d3609 |
||
| 001 | 4191517 | ||
| 003 | GBCCL | ||
| 005 | 20241126110458.0 | ||
| 008 | 810916s1981 txu b 000 0 eng | ||
| 010 | _a 80054553 | ||
| 020 |
_a0849902673 : _c$8.95 |
||
| 040 |
_aDLC _cDLC _dDLC |
||
| 050 | 0 | 0 |
_aBT738.4 _b.S94 |
| 082 | 0 | 0 |
_a248.4 _219 _bSWI |
| 100 | 1 |
_aSwindoll, Charles R. _91487 |
|
| 245 | 1 | 0 |
_aImproving your serve : _bthe art of unselfish living / _cCharles R. Swindoll. |
| 260 |
_aWaco, Tex. : _bWord Books, _c1985, c1981. |
||
| 300 |
_a219 p. ; _c23 cm. |
||
| 504 | _aIncludes bibliographical references. | ||
| 650 | 0 |
_aService (Theology) _93929 |
|
| 906 |
_a7 _bcbc _corignew _d2 _eocip _f19 _gy-gencatlg |
||
| 942 |
_2ddc _cBK |
||